Grammy for Album of the Year winners - Statistics

General Stats
  • This quiz has been taken 24 times
  • The average score is 12 of 56
Answer Stats
Year Artist/Album Title % Correct
2024 Taylor Swift/Midnights
73%
2016 Taylor Swift/1989
67%
2010 Taylor Swift/Fearless
67%
2021 Taylor Swift/Folklore
67%
2012 Adele/21
60%
2017 Adele/25
60%
2025 Beyonce/Cowboy Carter
60%
1984 Michael Jackson/Thriller
60%
1976 Paul Simon/Still Crazy After All These Years
40%
2006 U2/How to Dismantle an Atomic Bomb
40%
1988 U2/The Joshua Tree
40%
1989 George Michael/Faith
33%
2023 Harry Styles/Harry's House
33%
1987 Paul Simon/Graceland
33%
1975 Stevie Wonder/Fulfullingness' First Finale
33%
1974 Stevie Wonder/Innervisions
33%
1977 Stevie Wonder/Songs in the Key of Life
33%
2020 Billie Eilish/When We All Fall Asleep, Where Do We Go?
27%
1986 Phil Collins/No Jacket Required
27%
2018 Bruno Mars/24K Magic
20%
1997 Celine Dion/Falling into You
20%
2014 Daft Punk/Random Access Memories
20%
1999 Lauryn Hill/The Miseducation of Lauryn Hill
20%
1979 The BeeGees/Saturday Night Fever
20%
1972 Carole King/Tapestry
13%
1981 Christopher Cross/Christopher Cross
13%
2022 Jon Batiste/We Are
13%
2004 OutKast/Speakerboxxx/The Love Below
13%
2005 Ray Charles/Genius Loves Company
13%
1971 Simon and Garfunkel/Bridge over Troubled Water
13%
1994 Whitney Houston/The Bodyguard Soundtrack
13%
1996 Alanis Morissette/Jagged Little Pill
7%
2011 Arcade Fire/The Suburbs
7%
1980 Billy Joel/52nd Street
7%
1970 Blood Sweat and Tears/Blood Sweat and Tears
7%
1998 Bob Dylan/Time Out of Mind
7%
1993 Eric Clapton/Unplugged
7%
1978 Fleetwood Mac/Rumours
7%
1973 George Harrison/The Concert for Bangladesh
7%
2008 Herbie Hancock/River: The Joni Letters
7%
2019 Kacey Musgraves/Golden Hour
7%
2013 Mumford and Sons/Babel
7%
2000 Santana/Supernatural
7%
1995 Tony Bennett/MTV Unplugged
7%
1983 Toto/Toto lV
7%
2015 Beck/Morning Phase
0%
1990 Bonnie Raitt/Nick of Time
0%
2007 Dixie Chicks/Taking the Long Way
0%
1982 John Lennon and Yoko Ono/Double Fantasy
0%
1985 Lionel Richie/Cant Slow Down
0%
1992 Natalie Cole/Unforgettable with Love
0%
2003 Norah Jones/Come Away with Me
0%
1991 Quincy Jones/Back on the Block
0%
2009 Robert Plant and Alison Krauss/Raising Sand
0%
2001 Steely Dan/Two Against Nature
0%
2002 Various Artists/O Brother, Where Art Thou?
0%
No matching quizzes found
Score Distribution
Percent of People with Each Score
Percentile by Number Answered
Your Score History
You have not taken this quiz